000 00419pab a2200169 454500
008 180718b2003 xxu||||| |||| 00| 0 eng d
100 _aRaju, R. Satya
245 _aNew trends in employment relations
260 _c2003
300 _ap.279-83.
362 _aJul-Sep
650 _aLabour relations
700 _aPrasad, Y.V.V.S.S.V.S.
700 _aRao, N.L. Narasimha
773 _aProductivity
909 _a59678
999 _c59678
_d59678